| Tag |
First Indicator |
Second Indicator |
Subfields |
| LEADER |
00000cam a2200000 4500 |
| 001 |
in00000025247 |
| 005 |
20151007061136.0 |
| 008 |
740429s1966 nyuac b 00010 eng u |
| 010 |
|
|
|a 65026631
|
| 035 |
|
|
|a (OCoLC)00871604
|
| 035 |
|
|
|9 AAD1224AM
|
| 040 |
|
|
|c RRR
|d TXA
|d UtOrBLW
|
| 041 |
1 |
|
|a eng
|a rus
|
| 049 |
|
|
|a TXAM
|c [474502]
|
| 050 |
0 |
0 |
|a TP858
|b .B68
|
| 092 |
|
|
|a 666.1
|b B734s, 1966
|
| 100 |
1 |
|
|a Borisova, Z. U.
|
| 245 |
1 |
0 |
|a Solid state chemistry /
|c by R. L. Myuller and members of the faculty of the Leningrad State University. Edited by Z. U. Borisova. Authorized translation from the Russian.
|
| 264 |
|
1 |
|a New York :
|b Consultants Bureau,
|c 1966.
|
| 300 |
|
|
|a xii, 256 pages :
|b illustrations, portrait ;
|c 28 cm.
|
| 336 |
|
|
|a text
|b txt
|2 rdacontent
|
| 337 |
|
|
|a unmediated
|b n
|2 rdamedia
|
| 338 |
|
|
|a volume
|b nc
|2 rdacarrier
|
| 500 |
|
|
|a "A translation of Khimiya tverdogo tela [by R. L. Miuller] ... supplemented by thirteen papers selected ... from Vestnik Lenigradskogo Universiteta number 22 [1962]."
|
| 504 |
|
|
|a Includes bibliographies.
|
| 650 |
|
0 |
|a Glass.
|
| 650 |
|
0 |
|a Crystallization.
|
| 650 |
|
0 |
|a Electric conductivity.
|
| 700 |
1 |
|
|a Mi͡uller, R. L.
|q (Rudolʹf Li͡udvigovich),
|d 1899-1964.
|
| 710 |
1 |
|
|a Leningrad.
|b Universitet.
|t Vestnik, no. 22(1962)
|
| 999 |
|
|
|a MARS
|
| 999 |
f |
f |
|s 5226de5d-71b2-38dc-bc52-460da7b35e90
|i 9fc55780-78d5-38a9-af88-27d5a8c407eb
|t 0
|
| 952 |
f |
f |
|p ric
|a Texas A&M University
|b Rellis Campus
|c Joint Library Facility
|d Remote Storage
|t 0
|e TP858 .B68
|h Library of Congress classification
|i unmediated -- volume
|m A14801115740
|
| 998 |
f |
f |
|a TP858 .B68
|t 0
|l Remote Storage
|